000 01664nam a2200469 i 4500
001 30703
003 KOSZ 005
005 20210216143529.0
008 980702s1995 pl a f |000 0 pol
015 _aPB 1996/5214
040 _aWA N
_cWA N
_dKOSZ 005/HR
041 0 _apol
_beng
_bger
046 _k1995
080 _a666.9
080 _a661.2
080 _a661.9
080 _a541.1
100 1 _aWieczorek-Ciurowa, Krystyna
_eAutor
245 1 0 _aFizykochemia procesu siarczanowania wapienia /
_cKrystyna Wieczorek-Ciurowa.
260 _aKraków :
_bPK,
_c1995.
300 _a165 s. :
_bfot., rys., wykr. ;
_c24 cm.
380 _aKsiążki
380 _aPublikacje naukowe
388 _a1901-2000
388 _a1989-2000
490 1 _aMonografia / Politechnika Krakowska im. Tadeusza Kościuszki. Inżynieria i Technologia Chemiczna,
_x0860-097X.
500 _aNumeracja serii gł.: 191.
504 _aBibliogr. s. 122-134.
546 _aStreszcz. ang., niem.
650 4 _aGazy
650 4 _aSiarczany
650 4 _aWapień
650 4 _aChemia fizyczna
650 4 _aTechnologia chemiczna
658 _aChemia
658 _aInżynieria i technika
710 2 _aPolitechnika Krakowska im. Tadeusza Kościuszki
_4pbl.
830 0 _aMonografia - Politechnika Krakowska im. Tadeusza Kościuszki.
_pInżynieria i Technologia Chemiczna
830 0 _aMonografia - Politechnika Krakowska im. Tadeusza Kościuszki
_v191
856 _uhttp://koha.tu.koszalin.pl/cgi-bin/koha/opac-detail.pl?biblionumber=30703
_yKatalog online BPK
942 _2UKD
_cKS
999 _c30703
_d30703